Optimización de las dimensiones de urbanizaciones de carácter social

Sábháilte in:
Sonraí bibleagrafaíochta
Príomhchruthaitheoir: Anderson Herrera, Audrey María
Formáid: LEABHAR
Foilsithe / Cruthaithe: San José, Costa Rica 1990
Ábhair:
Clibeanna: Cuir clib leis
Níl clibeanna ann, Bí ar an gcéad duine le clib a chur leis an taifead seo!

MARC

LEADER 00000nam a2200000Ia 4500
003 004948
005 20221231144333.0
008 140114s1990 cr a m 000 ||s d
040 |c cru CEDI 
090 |a TFG 2331 
100 |a Anderson Herrera, Audrey María  |9 13035 
245 |a Optimización de las dimensiones de urbanizaciones de carácter social  
260 |c 1990  |a San José, Costa Rica 
300 |a  ii, 119 hojas : ilustraciones ; 28 cm.  
500 |a  Proyecto de graduación(licenciatura en ingeniería civil)--Universidad de Costa Rica. Facultad de Ingeniería. Escuela de Ingeniería Civil 
650 |x URBANISMO - COSTA RICA  |9 13036 
942 |c TFG  |2 ddc 
999 |c 20365  |d 20365